POWER GAME HOW WASHINGTON WORKS (Record no. 3838)

MARC details
000 -LEADER
fixed length control field 00334nam a2200133Ia 4500
008 - FIXED-LENGTH DATA ELEMENTS--GENERAL INFORMATION
fixed length control field 240624s9999 xx 000 0 und d
041 ## - LANGUAGE CODE
Language code of text/sound track or separate title eng
082 ## - DEWEY DECIMAL CLASSIFICATION NUMBER
Classification number 320.973 SMI
100 ## - MAIN ENTRY--PERSONAL NAME
Personal name SMITH HEDRICK
245 ## - TITLE STATEMENT
Title POWER GAME HOW WASHINGTON WORKS
260 ## - PUBLICATION, DISTRIBUTION, ETC.
Date of publication, distribution, etc. 1988
Place of publication, distribution, etc. London
Name of publisher, distributor, etc. Fontana/Collins
300 ## - PHYSICAL DESCRIPTION
Extent 1093 : p. : cm. ; 17
365 ## - TRADE PRICE
Currency code RS
Holdings
Withdrawn status Lost status Damaged status Not for loan Home library Current library Shelving location Date acquired Source of acquisition Cost, normal purchase price Total Holds Full call number Barcode Date last seen Copy number Price effective from Koha item type
        IMTN IMTN Rack 5-B 09/08/2006 WBD 136.00 671 320.973 SMI 3838 06/24/2024 1 06/24/2024 Books
Designed & Maintained by: LRC IMT Nagpur Contact: lrc@imtnag.ac.in© 2024. All Rights Reserved.